Seas in and Around Asia - Statistics

General Stats
  • This quiz has been taken 40 times
    28 since last reset
  • The average score is 13 of 20
Answer Stats
Random Bordering Country Answer % Correct
Kuwait Persian Gulf
89%
China South China Sea
89%
Oman Arabian Sea
84%
Georgia Black Sea
79%
Sri Lanka Bay of Bengal
74%
Kazakhstan Caspian Sea
74%
Japan East Sea
74%
Russia Kara Sea
74%
Saudi Arabia Red Sea
74%
China Yellow Sea
74%
China East China Sea
68%
Russia Barents Sea
63%
Russia Bering Sea
63%
Turkey Aegean Sea
58%
Russia Sea of Okhotsk
53%
Russia Laptev Sea
47%
Kazakhstan Aral Sea
42%
Russia East Siberian Sea
42%
Philippines Camotes Sea
32%
India Andaman Sea
26%
No matching quizzes found
Score Distribution
Percent of People with Each Score
Percentile by Number Answered
Your Score History
You have not taken this quiz since the last reset